| Tag |
First Indicator |
Second Indicator |
Subfields |
| LEADER |
00000cam a2200000 4500 |
| 001 |
in00001910521 |
| 006 |
m | d | |
| 007 |
cr |n||||||||n |
| 008 |
810210s1745 enk|||| s 00||||lat d |
| 005 |
20260403173929.9 |
| 035 |
|
|
|a (CStRLIN)ESTCT113214
|
| 040 |
|
|
|a Uk-ES
|c Uk-ES
|d Cu-RivES
|d CStRLIN
|d Thomson Gale
|d UtOrBLW
|
| 100 |
1 |
|
|a Lubin, Eilhard,
|d 1565-1621.
|
| 245 |
1 |
0 |
|a Medulla linguæ Græcæ :
|b Qua primitiva hujus linguæ vocabula in breves sententias ab Eliardo Lubino primùm distributa, a Gaspare Seidelio aucta deinde ac locupletata, ... Accessit brevis grammaticæ Græcæ synopsis. ...
|
| 264 |
|
1 |
|a Londini :
|b prostant venales apud J. Wilcox,
|c 1745.
|
| 300 |
|
|
|a 4 unnumbered pages, 172;57, 3 unnumbered pages ;
|c 8⁰.
|
| 336 |
|
|
|a text
|b txt
|2 rdacontent
|
| 337 |
|
|
|a computer
|b c
|2 rdamedia
|
| 338 |
|
|
|a online resource
|b cr
|2 rdacarrier
|
| 500 |
|
|
|a Dedication signed by the editor: J. Wilcox.
|
| 500 |
|
|
|a The 'brevis grammaticæ', entitled 'Literæ Græcorum sunt viginti quatuor.', has separate pagination and register.
|
| 500 |
|
|
|a Reproduction of original from the British Library.
|
| 510 |
4 |
|
|a English Short Title Catalog,
|c ESTCT113214.
|
| 533 |
|
|
|a Electronic reproduction.
|b Farmington Hills, Mich. :
|c Thomson Gale,
|d 2003.
|n Available via the World Wide Web.
|n Access limited by licensing agreements
|7 s2003 miunns
|
| 500 |
|
|
|a Electronic resource.
|
| 830 |
|
0 |
|a Eighteenth century collections online.
|
| 856 |
4 |
0 |
|u http://proxy.library.tamu.edu/login?url=https://galenet.galegroup.com/servlet/ECCO?c=1&stp=Author&ste=11&af=BN&ae=T113214&tiPG=1&dd=0&dc=flc&docNum=CW115063268&vrsn=1.0&srchtp=a&d4=0.33&n=10&SU=0LRK&locID=txshracd2898
|z Full text online
|t 0
|
| 999 |
|
|
|a MARS
|
| 999 |
f |
f |
|s b2802c25-7815-3ca7-b6fd-614645de1e09
|i c0acbea4-f763-346d-b374-2053e487c8d8
|t 0
|
| 952 |
f |
f |
|a Texas A&M University
|b College Station
|c Electronic Resources
|s www_evans
|d Available Online
|t 0
|h No information provided
|
| 998 |
f |
f |
|t 0
|l Available Online
|